WarioWare Gold - Dessin d'amiibo de Wario - Statistiques

Statistiques générales
  • Ce quiz a été pris 8 fois
  • Le résultat moyen est 52 sur 77
Statistiques - réponses
Par images Réponse % Correct
Boo
100%
Bowser
100%
Luigi
100%
Mario
100%
Peach
100%
Toad
100%
Wario
100%
Wario (Super Smash Bros)
100%
Yoshi
100%
Bowser Jr.
83%
Captain Falcon
83%
Daisy
83%
Diddy Kong
83%
Donkey Kong
83%
Dr.Mario
83%
Duo Duck Hunt
83%
Entraîneuse Wii Fit
83%
Falco Lombardi
83%
Fille Inkling
83%
Fox McCloud
83%
Ganondorf
83%
Garçon Inkling
83%
Goomba
83%
Harmonie
83%
Harmonie & Luma
83%
Kéké Laglisse
83%
Koopa Troopa
83%
Link
83%
Link Cartoon
83%
Little Mac
83%
Marie
83%
Mr. Game & Watch
83%
Olimar
83%
Palutena
83%
Pikmin
83%
Resetti
83%
R.O.B.
83%
Samus
83%
Samus sans armure
83%
Sheik
83%
Tom Nook
83%
Villageois
83%
Waluigi
83%
Zelda
83%
Poochy de laine
67%
Ayo
50%
Bokoblin
50%
Bowser (mariage)
50%
Calamar Inkling
50%
Coralie
50%
Gardien
50%
Link loup
50%
Mario (mariage)
50%
Max
50%
Méli & Mélo
50%
Métroïde
50%
Mipha
50%
Oly
50%
Peach (mariage)
50%
Perle
50%
Revali
50%
Thibou
50%
Amiral
33%
Blaise
33%
Céleste
33%
Charly
33%
Daruk
33%
Layette
33%
Lou
33%
Méga Yoshi de laine
33%
Urbosa
33%
Yoshi de laine bleu ciel
33%
Yoshi de laine rose
33%
Yoshi de laine vert
33%
Link (archer)
17%
Risette
17%
Serge
17%
Aucun quiz correspondant
Distribution des résultats
% des personnes avec chaque résultat
Percentile par nombre de réponses
Votre historique - résultats
Vous n’avez pas pris ce quiz